000 00640nam a2200193Ii 4500
003 JO-AjNU
008 230605s9999||||xx |||||||||||||| ||und||
040 _aJO-AjNU
_bara
_erda
_cJO-AjNU
041 _aara
050 1 4 _aBP173.4.B46 1950
100 3 _aالبيجاني، محمد بن سالم بن حسين الكرادي,
_eauthor
_99722
245 0 0 _aأستاذ المرأة
264 3 1 _aالمدينة المنورة: مكتبة الثقافة، 1950
300 _a271ص
336 _atext
_btxt
_2rdacontent
337 _aunmediated
_bn
_2rdamedia
338 _avolume
_bnc
_2rdacarrier
650 4 _aالمرأة المسلمة
_99723
999 _aA1445
_c5013
_d5013